Statistiche per Paesi che contengono una lettera - II+

Clicka qui per fare il quiz!

Statistiche generali

  • Questo quiz è stato fatto 55 volte
  • Il punteggio medio è 31 su 46

Statistiche sulle risposte

CategoriaPaese% Corretto
3 x IStati Uniti
94%
2 x IIndia
91%
2 x IItalia
91%
2 x IIndonesia
78%
2 x IRepubblica Centrafricana
78%
2 x IRepubblica Democratica del Congo
78%
3 x ISaint Kitts e Nevis
78%
5 x IEmirati Arabi Uniti
75%
2 x IEtiopia
75%
2 x IGibuti
75%
2 x ILibia
75%
3 x IRepubblica Dominicana
75%
2 x IArabia Saudita
72%
2 x IBielorussia
72%
2 x IBosnia ed Erzegovina
72%
3 x IFilippine
72%
2 x IFinlandia
72%
3 x IKirghizistan
72%
2 x ILiechtenstein
72%
2 x IMauritania
72%
2 x INamibia
72%
2 x INigeria
72%
2 x ITagikistan
72%
2 x IThailandia
72%
2 x IGiordania
69%
3 x ISaint Vincent e Grenadine
69%
5 x IStati Federati di Micronesia
69%
2 x IDominica
66%
2 x IGuinea Equatoriale
66%
2 x IBolivia
63%
2 x IFigi
63%
2 x IHaiti
63%
2 x ILituania
63%
2 x IAzerbaigian
59%
2 x IPaesi Bassi
59%
2 x IBirmania
56%
2 x ICittà del Vaticano
56%
2 x IGiamaica
56%
2 x IGuinea-Bissau
56%
3 x IKiribati
56%
2 x ISiria
56%
2 x ITrinidad e Tobago
56%
2 x ILiberia
53%
2 x IMauritius
53%
2 x ITunisia
53%
2 x ISao Tome e Principe
38%

Distribuzione punteggi

Percentile per numero di risposta

Percentuale di utenti per punteggio

I tuoi punteggi nel tempo

Non hai fatto questo quiz